000 00448pab a2200169 454500
008 180718b1960 xxu||||| |||| 00| 0 eng d
100 _aDubhashi, P.R.
245 _aThe implications and scope of democratic decentralisation
260 _c1960
300 _ap.369-392.
362 _aOct-Dec
650 _aDemocratization
650 _aDecentralization
773 _aIndian Journal of Public Administration
908 _aN
909 _a100517
999 _c100516
_d100516